MARC details
| 000 -LEADER |
| campo de control de longitud fija |
01530 a2200289 4500 |
| 003 - IDENTIFICADOR DE NÚMERO DE CONTROL |
| campo de control |
CoMeUDC |
| 005 - FECHA Y HORA DE LA ÚLTIMA TRANSACCIÓN |
| campo de control |
20220513161243.0 |
| 008 - DATOS DE LONGITUD FIJA--INFORMACIÓN GENERAL |
| campo de control de longitud fija |
180801b2018 ck ||||| |||| 00| 0 spa d |
| 020 ## - NÚMERO INTERNACIONAL ESTÁNDAR DEL LIBRO |
| Número Internacional Estándar del Libro |
9789585925229 |
| 040 ## - FUENTE DE CATALOGACIÓN |
| Centro catalogador/agencia de origen |
CO-BoUCM |
| Lengua de catalogación |
spa |
| Centro/agencia transcriptor |
CO-UdeC |
| 041 0# - CÓDIGO DE IDIOMA |
| Código de lengua del texto/banda sonora o título independiente |
spa |
| 082 04 - NÚMERO DE LA CLASIFICACIÓN DECIMAL DEWEY |
| Número de clasificación |
324.28 |
| Número de ítem |
L847 |
| 100 10 - ENTRADA PRINCIPAL--NOMBRE DE PERSONA |
| Nombre de persona |
Londoño Osorio, Juan Fernando |
| 9 (RLIN) |
96288 |
| 245 10 - MENCIÓN DEL TÍTULO |
| Título |
Estudio sobre financiamiento político en Colombia / |
| Mención de responsabilidad, etc. |
Juan Fernando Londoño O. |
| 260 ## - PUBLICACIÓN, DISTRIBUCIÓN, ETC. |
| Lugar de publicación, distribución, etc. |
Bogotá : |
| Nombre del editor, distribuidor, etc. |
Registraduría Nacional del Estado Civil, |
| -- |
Cedae, |
| Fecha de publicación, distribución, etc. |
2018. |
| 300 ## - DESCRIPCIÓN FÍSICA |
| Extensión |
198 p. : |
| Otras características físicas |
gráficas ; |
| Dimensiones |
24 cm. |
| 500 ## - NOTA GENERAL |
| Nota general |
Las opiniones y afirmaciones contenidas en el presente libro son de exclusiva responsabilidad del autor y no comprometen ni al Centro de Estudios en Democracia y Asuntos Electorales ni a la Registraduría Nacional del Estado Civil. |
| 504 ## - NOTA DE BIBLIOGRAFÍA, ETC. |
| Nota de bibliografía, etc. Nota |
Incluye bibliografía. |
| 505 ## - NOTA DE CONTENIDO CON FORMATO |
| Nota de contenido con formato |
Aspectos generales del financiamiento político -- Fuentes de ingresos de partidos políticos y campañas electorales -- Gastos de los partidos políticos y campañas electorales -- Mecanismos e instituciones de transparencia y control -- Conclusiones: principales hallazgos y desafíos |
| 546 ## - NOTA DE IDIOMA |
| Nota de lengua/lenguaje |
Español. |
| 650 #7 - PUNTO DE ACCESO ADICIONAL DE MATERIA--TÉRMINO DE MATERIA |
| 9 (RLIN) |
7900 |
| Término de materia o nombre geográfico como elemento de entrada |
Partidos políticos |
| Subdivisión general |
Financiación |
| Subdivisión geográfica |
Colombia |
| 650 #7 - PUNTO DE ACCESO ADICIONAL DE MATERIA--TÉRMINO DE MATERIA |
| 9 (RLIN) |
16023 |
| Término de materia o nombre geográfico como elemento de entrada |
Fondos para campañas electorales |
| Subdivisión geográfica |
Colombia |
| 650 #7 - PUNTO DE ACCESO ADICIONAL DE MATERIA--TÉRMINO DE MATERIA |
| 9 (RLIN) |
11876 |
| Término de materia o nombre geográfico como elemento de entrada |
Control de constitucionalidad |
| 710 ## - ENTRADA AGREGADA--NOMBRE DE ENTIDAD CORPORATIVA |
| 9 (RLIN) |
2088 |
| Nombre de entidad corporativa o nombre de jurisdicción como elemento de entrada |
Registraduría Nacional del Estado Civil |
| 710 ## - ENTRADA AGREGADA--NOMBRE DE ENTIDAD CORPORATIVA |
| 9 (RLIN) |
2089 |
| Nombre de entidad corporativa o nombre de jurisdicción como elemento de entrada |
Centro de Estudios en Democracia y Asuntos Electorales |
| 942 ## - ELEMENTOS DE ENTRADA SECUNDARIOS (KOHA) |
| Tipo de ítem Koha |
Libros |
| Fuente del sistema de clasificación o colocación |
Clasificación Decimal Dewey |